ARRUPE JESUIT UNIVERSITY

CORONAVIRUS -STOP THE SPREAD - CLEAN,DISINFECT,COVER

Faces of hunger (Record no. 120775)

MARC details
000 -LEADER
fixed length control field 00602nam a22001817a 4500
008 - FIXED-LENGTH DATA ELEMENTS--GENERAL INFORMATION
fixed length control field http://192.168.1.6:8080/cgi-bin/koha/cataloguing/addbiblio.pl?frameworkcode=BKS#
020 ## - INTERNATIONAL STANDARD BOOK NUMBER
International Standard Book Number 9780041700374
050 ## - LIBRARY OF CONGRESS CALL NUMBER
Classification number HM216.0456 1986
100 ## - MAIN ENTRY--PERSONAL NAME
Personal name O'Neil, Onora
9 (RLIN) 11024
245 ## - TITLE STATEMENT
Title Faces of hunger
Remainder of title an essay on poverty, justice and developnet
Statement of responsibility, etc Onora O;Neill
250 ## - EDITION STATEMENT
Edition statement Studies in applied philosophy
Remainder of edition statement 3
260 ## - PUBLICATION, DISTRIBUTION, ETC. (IMPRINT)
Place of publication, distribution, etc London
Name of publisher, distributor, etc Allen and Unwin
Date of publication, distribution, etc 1986
300 ## - PHYSICAL DESCRIPTION
Extent xii, 178p.
Other physical details 21cm.
650 ## - SUBJECT ADDED ENTRY--TOPICAL TERM
Topical term or geographic name as entry element Social justice
9 (RLIN) 11025
650 ## - SUBJECT ADDED ENTRY--TOPICAL TERM
Topical term or geographic name as entry element Hunger
9 (RLIN) 11026
650 ## - SUBJECT ADDED ENTRY--TOPICAL TERM
Topical term or geographic name as entry element Poverty
9 (RLIN) 5312
942 ## - ADDED ENTRY ELEMENTS (KOHA)
Source of classification or shelving scheme Library of Congress Classification
Item type Monograph ( Printed materials)
Koha issues (borrowed), all copies 3
Holdings
Withdrawn status Lost status Source of classification or shelving scheme Damaged status Not for loan Home library Current library Date acquired Total Checkouts Full call number Barcode Date last seen Date last borrowed Price effective from Koha item type Collection code Shelving location Copy number
    Library of Congress Classification     ARRUPE LIBRARY ARRUPE LIBRARY 27/08/2014 4 HM216.0456 1986 46500002173 30/04/2018 12/01/2016 27/08/2014 Monograph ( Printed materials)      
    Library of Congress Classification     ARRUPE LIBRARY ARRUPE LIBRARY 28/10/2014   HM216.0456 1986 46500001292 30/04/2018   28/10/2014 Monograph ( Printed materials) Main Collection Main Collection 2

 

Arrupe Library. PO Box MP320 Mt Pleasant, Harare, Zimbabwe
263 242 745411|librarian@aju.ac.zw